000 00284nam a22001217a 4500
008 160419b xxu||||| |||| 00| 0 eng d
020 _a9780815169093
020 _a815169094
041 _aeng
080 _a618.2
245 _aFundamentals of Nursing:
_cPotter Perry;
942 _2udc
_cBK
999 _c1439
_d1439